Sobre jaulas, pájaros y pajareros /

Na minha lista:
Detalhes bibliográficos
Autor principal: Fortado, Marta Eugenia
Formato: Desconhecido
Idioma:Spanish
Assuntos:
Tags: Adicionar Tag
Sem tags, seja o primeiro a adicionar uma tag!

MARC

LEADER 000000000a22000000004500
001 009582
041 0 |a spa 
100 1 |a Fortado, Marta Eugenia 
245 1 0 |a Sobre jaulas, pájaros y pajareros /   |c Marta Eugenia Fortado. 
310 |a semestral 
650 4 |a AVES DE JAULA 
773 0 |d San José, Costa Rica : Editorial de la Universidad de Costa Rica  |t Herencia  |g volumen 13-14, número 2-1 (2001-2002), páginas 3-17 
942 |c ARC 
999 |c 16973  |d 16973